000 00935nam a2200277 a 4500
001 000014266
005 20200929163540.0
008 091208s2001 sp 000 f spa d
020 _a8466303731
040 _aDO-SdBNP
_bspa
_cBNPHU
041 1 7 _aspa
_hfre
_2Código de idioma MARC
082 _a843.9
_bB764p
100 1 _aBoulle, Pierre,
_d1912-1994
_913572
240 1 3 _aLa planète des singes.
_lEspañol
245 1 3 _aEl planeta de los simios /
_cPierre Boulle ; traducción de Enrique Folch González.
260 _a[Madrid] :
_bSuma de Letras,
_c2001.
300 _a302 p. ;
_c18 cm.
490 1 _aPunto de lectura
_v221
534 _pTítulo original en francés:
_tLa planète des singes
_cRené Julliard, 1963
650 4 _aNovela francesa
_91075
650 4 _aLiteratura francesa
_91074
700 1 _aFolch González, Enrique,
_etr.
_911283
830 0 _aPunto de lectura ;
_v221
_93047
910 _aWM
049 _aBNGR
999 _c13862
_d13862